Tennessee Titans Coaching Staff Since 2000 - Statistics

General Stats
  • This quiz has been taken 3 times
  • The average score is 24 of 107
Answer Stats
Hint Answer % Correct
2019 OC Arthur Smith
100%
2020 OC Arthur Smith
100%
2024 HC Brian Callahan
100%
2025 HC Brian Callahan
100%
2000 HC Jeff Fisher
100%
2001 HC Jeff Fisher
100%
2002 HC Jeff Fisher
100%
2003 HC Jeff Fisher
100%
2004 HC Jeff Fisher
100%
2005 HC Jeff Fisher
100%
2006 HC Jeff Fisher
100%
2007 HC Jeff Fisher
100%
2008 HC Jeff Fisher
100%
2009 HC Jeff Fisher
100%
2010 HC Jeff Fisher
100%
2018 HC Mike Vrabel
100%
2019 HC Mike Vrabel
100%
2020 HC Mike Vrabel
100%
2021 HC Mike Vrabel
100%
2022 HC Mike Vrabel
100%
2023 HC Mike Vrabel
100%
2018 OC Matt LaFleur
50%
2025 HC* Mike McCoy
50%
2015 HC* Mike Mularkey
50%
2016 HC Mike Mularkey
50%
2017 HC Mike Mularkey
50%
2000 STC Alan Lowry
0%
2001 STC Alan Lowry
0%
2002 STC Alan Lowry
0%
2003 STC Alan Lowry
0%
2004 STC Alan Lowry
0%
2005 STC Alan Lowry
0%
2006 STC Alan Lowry
0%
2007 STC Alan Lowry
0%
2008 STC Alan Lowry
0%
2009 STC Alan Lowry
0%
2010 STC Alan Lowry
0%
2011 STC Alan Lowry
0%
2012 STC Alan Lowry
0%
2016 STC Bobby April
0%
2011 OC Chris Palmer
0%
2012 OC Chris Palmer
0%
2009 DC Chuck Cecil
0%
2010 DC Chuck Cecil
0%
2024 STC Colt Anderson
0%
2018 STC Craig Aukerman
0%
2019 STC Craig Aukerman
0%
2020 STC Craig Aukerman
0%
2021 STC Craig Aukerman
0%
2022 STC Craig Aukerman
0%
2018 DC Dean Pees
0%
2019 DC Dean Pees
0%
2024 DC Dennard Wilson
0%
2025 DC Dennard Wilson
0%
2016 DC Dick LeBeau
0%
2017 DC Dick LeBeau
0%
2002 OC Mike Heimerdinger
0%
2012 OC* Dowell Loggains
0%
2013 OC Dowell Loggains
0%
2000 DC Gregg Williams
0%
2014 OC Jason Michael
0%
2015 OC Jason Michael
0%
2011 DC Jerry Gray
0%
2012 DC Jerry Gray
0%
2013 DC Jerry Gray
0%
2001 DC Jim Schwartz
0%
2002 DC Jim Schwartz
0%
2003 DC Jim Schwartz
0%
2004 DC Jim Schwartz
0%
2005 DC Jim Schwartz
0%
2006 DC Jim Schwartz
0%
2007 DC Jim Schwartz
0%
2008 DC Jim Schwartz
0%
2025 STC John Fassel
0%
2014 HC Ken Whisenhunt
0%
2015 HC Ken Whisenhunt
0%
2000 OC Mike Heimerdinger
0%
2001 OC Mike Heimerdinger
0%
2003 OC Mike Heimerdinger
0%
2004 OC Mike Heimerdinger
0%
2008 OC Mike Heimerdinger
0%
2009 OC Mike Heimerdinger
0%
2010 OC Mike Heimerdinger
0%
2011 HC Mike Munchak
0%
2012 HC Mike Munchak
0%
2013 HC Mike Munchak
0%
2013 STC Nate Kaczor
0%
2014 STC Nate Kaczor
0%
2015 STC Nate Kaczor
0%
2024 OC Nick Holz
0%
2025 OC Nick Holz
0%
2005 OC Norm Chow
0%
2006 OC Norm Chow
0%
2007 OC Norm Chow
0%
2014 DC Ray Horton
0%
2015 DC Ray Horton
0%
2021 DC Shane Bowen
0%
2022 DC Shane Bowen
0%
2023 DC Shane Bowen
0%
2017 STC Steve Hoffman
0%
2020 DC Terrell Williams
0%
2016 OC Terry Robiskie
0%
2017 OC Terry Robiskie
0%
2023 OC Tim Kelly
0%
2021 OC Todd Downing
0%
2022 OC Todd Downing
0%
2023 STC Tom Quinn
0%
No matching quizzes found
Score Distribution
Percent of People with Each Score
Percentile by Number Answered
Your Score History
You have not taken this quiz